Statistics for Books to Authors #24

Click here to take the quiz!

General Stats

  • This quiz has been taken 57 times
  • The average score is 3 of 12

Answer Stats

BookAuthor% Correct
Breakfast at Tiffany'sTruman Capote
95%
Fear and Loathing in Las VegasHunter S.Thompson
45%
Tender is the NightF.Scott Fitzgerald
40%
The Casual VacancyJ.K.Rowling
33%
BossypantsTina Fey
18%
The Sea-WolfJack London
15%
The Phantom of the OperaGaston Leroux
13%
Sentimental EducationGustave Flaubert
13%
Les Enfants terriblesJean Cocteau
10%
Querelle (of Brest)Jean Genet
10%
Master of the GameSidney Sheldon
5%
In the Time of the ButterfliesJulia Alvarez
3%

Score Distribution

Percentile by Number Answered

Percent of People with Each Score

Your Score History

You have not taken this quiz